Abhidhantattva/ (Record no. 11694)

MARC details
000 -LEADER
fixed length control field 00489nam a22001937a 4500
005 - DATE AND TIME OF LATEST TRANSACTION
control field 20231010105342.0
008 - FIXED-LENGTH DATA ELEMENTS--GENERAL INFORMATION
fixed length control field 231010b ||||| |||| 00| 0 eng d
020 ## - INTERNATIONAL STANDARD BOOK NUMBER
International Standard Book Number 9789393805089
040 ## - CATALOGING SOURCE
Original cataloging agency IN-DiNC
Transcribing agency IN-DiNC
041 ## - LANGUAGE CODE
Language code of sung or spoken text Assamese
082 ## - DEWEY DECIMAL CLASSIFICATION NUMBER
Classification number 413.028
Item number ABH
245 ## - TITLE STATEMENT
Title Abhidhantattva/
Statement of responsibility, etc. edited by Arpana Konwar
250 ## - EDITION STATEMENT
Edition statement 1st ed.
260 ## - PUBLICATION, DISTRIBUTION, ETC.
Place of publication, distribution, etc. Dibrugarh:
Name of publisher, distributor, etc. Banalata,
Date of publication, distribution, etc. 2022.
300 ## - PHYSICAL DESCRIPTION
Extent 259p.
650 ## - SUBJECT ADDED ENTRY--TOPICAL TERM
Topical term or geographic name entry element Lexicography
700 ## - ADDED ENTRY--PERSONAL NAME
Personal name Konwar, Arpana
Relator term Editor
942 ## - ADDED ENTRY ELEMENTS (KOHA)
Source of classification or shelving scheme Dewey Decimal Classification
Koha item type Books
Holdings
Withdrawn status Lost status Source of classification or shelving scheme Damaged status Not for loan Collection code Home library Current library Shelving location Date acquired Cost, normal purchase price Total Checkouts Full call number Barcode Date last seen Copy number Price effective from Koha item type
    Dewey Decimal Classification     Assamese Central Library, Naharkatiya College Central Library, Naharkatiya College General Stacks 10/10/2023 350.00   413.028 ABH 29709 10/10/2023 1 10/10/2023 Books
    Dewey Decimal Classification     Assamese Central Library, Naharkatiya College Central Library, Naharkatiya College General Stacks 10/10/2023 350.00   413.028 ABH 29710 10/10/2023 2 10/10/2023 Books
    Dewey Decimal Classification     Assamese Central Library, Naharkatiya College Central Library, Naharkatiya College General Stacks 10/10/2023 350.00   413.028 ABH 29711 10/10/2023 3 10/10/2023 Books

Naharkatiya College © 2020. All rights reserved.

Powered By